000
00329nam a2200145Ia 4500
008
210210b1880 xxu||||| |||| 00| 0 eng d
041
_a
eng
082
_a
825/1073
100
_a
COWPER
245
_a
Smith
260
_a
London
_b
Macmillan & Co. Ltd.
_c
1880
650
_a
Smith
690
_a
English Criticism
906
_a
015388
999
_c
134748
_d
134748